All 34 'W' Girl Names that have ever ranked in the top 1000 (US) - Statistics

General Stats
  • This quiz has been taken 67 times
  • The average score is 16 of 34
Answer Stats
Highest Rank Female Name % Correct
737 Will
96%
49 Wanda
92%
861 Wende
87%
320 Wendi
87%
28 Wendy
87%
162 Winnie
75%
274 Willa
73%
62 Wilma
73%
37 Willow
71%
141 Winifred
63%
419 Winnifred
63%
56 Willie
62%
306 Winter
58%
184 Wren
58%
343 Wynter
58%
32 Whitney
52%
620 Willia
52%
408 Winona
52%
705 Wynona
52%
215 Wilhelmina
48%
281 William
46%
738 Waverly
40%
354 Wrenlee
35%
843 Wrenleigh
35%
149 Wrenley
35%
536 Walter
25%
553 Windy
25%
549 Whitley
23%
337 Wilda
15%
967 Wava
4%
612 Wilhelmine
4%
778 Waneta
2%
730 Willene
0%
854 Willodean
0%
No matching quizzes found
Score Distribution
Percent of People with Each Score
Percentile by Number Answered
Your Score History
You have not taken this quiz